Voices for change: participatory monitoring and evaluation in China (Record no. 61366)

MARC details
000 -LEADER
fixed length control field 00951nam a2200229 a 4500
008 - FIXED-LENGTH DATA ELEMENTS--GENERAL INFORMATION
fixed length control field 080415s2003 ||||||||||||||||| || u
020 ## - INTERNATIONAL STANDARD BOOK NUMBER
International Standard Book Number 0889369941
050 ## - LIBRARY OF CONGRESS CALL NUMBER
Classification number HC 430.E44 Voi
100 ## - MAIN ENTRY--PERSONAL NAME
Personal name Vernooy, Ronnie
245 10 - TITLE STATEMENT
Title Voices for change: participatory monitoring and evaluation in China
Statement of responsibility, etc. edited by Ronnie Vernooy; Sun Qiu and Xu Jianchu
260 ## - PUBLICATION, DISTRIBUTION, ETC.
Place of publication, distribution, etc. Ottawa:
Name of publisher, distributor, etc. IDRC
Date of publication, distribution, etc. 2003
300 ## - PHYSICAL DESCRIPTION
Extent xviii, 174 p.: ill.
350 ## - PRICE (NR) (BK AM CF MU VM SE) [OBSOLETE]
Price 0.00
650 ## - SUBJECT ADDED ENTRY--TOPICAL TERM
Topical term or geographic name entry element RURAL DEVELOPMENT PROJECT--CHINA
650 ## - SUBJECT ADDED ENTRY--TOPICAL TERM
Topical term or geographic name entry element Participatory monitoring and evaluation (Project management)--CHINA
650 #0 - SUBJECT ADDED ENTRY--TOPICAL TERM
Topical term or geographic name entry element AFRICA--ECONOMIC CONDITIONS
650 ## - SUBJECT ADDED ENTRY--TOPICAL TERM
Topical term or geographic name entry element PARTICIPATORY RURAL APPRAISAL--CHINA
700 ## - ADDED ENTRY--PERSONAL NAME
Personal name Sun Qiu
700 ## - ADDED ENTRY--PERSONAL NAME
Personal name Xu Jianchu
710 ## - ADDED ENTRY--CORPORATE NAME
Corporate name or jurisdiction name as entry element International Development Research Centre (Canada)
995 ## - RECOMMENDATION 995 [LOCAL, UNIMARC FRANCE]
-- 0.00
-- CBU-MAIN LIBRARY (Kitwe)
-- 1
-- 0.00
-- 1
-- AVAILABLE
-- Apr 15, 2008
-- Main Library Open Access Collection
Holdings
Withdrawn status Lost status Source of classification or shelving scheme Damaged status Not for loan Home library Current library Shelving location Date acquired Total Checkouts Full call number Barcode Date last seen Price effective from Koha item type
          CBU-MAIN LIBRARY, KITWE. CBU-MAIN LIBRARY, KITWE.   11/30/2022   HC 430.E44 Voi 41913 11/30/2022 11/30/2022 MONOGRAPH